| 000 | 00505cam a22002051 4500 | ||
|---|---|---|---|
| 001 | ne 64001270 | ||
| 003 | DLC | ||
| 005 | 20260227111800.0 | ||
| 008 | 880830s1963 tu 000 0atur | ||
| 010 | _ane 64001270 | ||
| 035 | _a(OCoLC)18428265 | ||
| 040 |
_aDLC _cCU _dDLC |
||
| 042 | _apremarc | ||
| 050 | 0 | 0 |
_aPL248.A3 _bZ5 |
| 100 | 1 |
_aAdıvar, Halide Edib, _d1885-1964. |
|
| 245 | 1 | 0 | _aMor salkımlı ev. |
| 260 |
_aİstanbul, _c1963. |
||
| 300 |
_a247 p. _c20 cm. |
||
| 500 | _aAutobiographical. | ||
| 999 |
_c47040 _d47040 |
||